Řízení v turbulentní době
Enregistré dans:
| Auteur principal: | |
|---|---|
| Autres auteurs: | |
| Format: | Livre |
| Langue: | tchèque |
| Publié: |
Praha
Management Press
1994
|
| Édition: | 1. vyd. |
| Sujets: | |
| Tags: |
Pas de tags, Soyez le premier à ajouter un tag!
|
MARC
| LEADER | 00000nam a2200000 4500 | ||
|---|---|---|---|
| 001 | c005821 | ||
| 005 | 20221214074750.4 | ||
| 020 | |a 80-85603-67-5 | ||
| 041 | 0 | |a cze | |
| 044 | |a CZ | ||
| 245 | 1 | 0 | |a Řízení v turbulentní době |c Peter F. Drucker ; Prekl. Pavel Medek |
| 250 | |a 1. vyd. | ||
| 264 | 1 | |a Praha |b Management Press |c 1994 | |
| 300 | |a 215 s. | ||
| 610 | 2 | 0 | |a riadenie |
| 610 | 2 | 0 | |a manažment |
| 610 | 2 | 0 | |a manažéri |
| 610 | 2 | 0 | |a práca riadiaca |
| 610 | 2 | 0 | |a pracovníci vedúci |
| 610 | 2 | 0 | |a zamestnanci |
| 100 | 1 | |a Drucker, Peter F. | |
| 700 | 1 | |a Medek, Pavel | |